| Tag |
First Indicator |
Second Indicator |
Subfields |
| LEADER |
00000cam a2200000 4500 |
| 001 |
in00003840521 |
| 005 |
20190415182813.0 |
| 006 |
m o d |
| 007 |
cr |n||||||||n |
| 008 |
850502s1786 gw |||| o 00| ||eng c |
| 035 |
|
|
|a (CU-RivES)N17363
|
| 035 |
|
|
|a (Uk-ES)006008122
|
| 035 |
|
|
|a (OCoLC)507997177
|
| 040 |
|
|
|a CU-RivES
|c CU-RivES
|d CU-RivES
|d CStRLIN
|d CU-RivES
|d Cengage Gale
|d UtOrBLW
|
| 050 |
|
4 |
|a E178
|b .R634 1786
|
| 100 |
1 |
|
|a Robertson, William,
|d 1721-1793.
|
| 240 |
1 |
0 |
|a History of America.
|p Books 1-8
|
| 245 |
1 |
4 |
|a The history of America. By William Robertson, D.D. principal of the University of Edinburgh, historiographer to His Majesty for Scotland, and member of the Royal Academy of History at Madrid.
|
| 264 |
|
1 |
|a Leipzig :
|b Printed for E.B. Schwickert,
|c MDCCLXXXVI. [1786]
|
| 300 |
|
|
|a 1 online resource (3 volumes,)
|
| 336 |
|
|
|a text
|b txt
|2 rdacontent
|
| 337 |
|
|
|a computer
|b c
|2 rdamedia
|
| 338 |
|
|
|a online resource
|b cr
|2 rdacarrier
|
| 509 |
|
|
|a WAu report 4 maps.
|
| 510 |
4 |
|
|a English Short Title Catalog,
|c N17363.
|
| 500 |
|
|
|a Reproduction of original from Library of Congress.
|
| 500 |
|
|
|a Electronic resource.
|
| 651 |
|
0 |
|a America
|x History.
|0 http://id.loc.gov/authorities/subjects/sh85004263
|
| 655 |
|
7 |
|a Electronic books.
|2 local
|
| 710 |
2 |
|
|a Gale (Firm)
|0 http://id.loc.gov/authorities/names/no2008071348
|
| 752 |
|
|
|a Germany
|d Leipzig.
|
| 856 |
4 |
0 |
|u http://proxy.library.tamu.edu/login?url=http://find.galegroup.com/ecco/infomark.do?contentSet=ECCOArticles&docType=ECCOArticles&bookId=1359000301&type=getFullCitation&tabID=T001&prodId=ECCO&docLevel=TEXT_GRAPHICS&version=1.0&source=library&userGroupName=txshracd2898
|z Connect to the full text of this electronic book
|t 0
|
| 999 |
f |
f |
|s 545348a7-373c-326a-81c9-69aeb5dd0354
|i c330a0e1-cbbf-3400-969c-3ba9cbbe7680
|t 0
|
| 952 |
f |
f |
|a Texas A&M University
|b College Station
|c Electronic Resources
|d Available Online
|t 0
|e E178 .R634 1786
|h Library of Congress classification
|
| 998 |
f |
f |
|a E178 .R634 1786
|t 0
|l Available Online
|